| 000 | 00888nmc a2200325 a 4500 | ||
|---|---|---|---|
| 003 | AR-BaBNM | ||
| 005 | 20251128210851.0 | ||
| 008 | 301020s1999 ||||||||||||||000 | spa|| | ||
| 020 | _a950-09-1268-6 | ||
| 040 | _cAR-BaBNM | ||
| 100 | 1 | _aDurán, Carlos Joaquín | |
| 245 | 1 | 0 |
_a22 de la cabeza _bconflictos adolescentes |
| 246 | 1 | _aVeintidós de la cabeza | |
| 250 | _a1ª ed. | ||
| 260 |
_aBuenos Aires _bPaulinas _bSan Pablo _c1999 |
||
| 300 | 0 |
_a123 p. _btablas _eguías de reflexión |
|
| 490 | 0 | _aReggae | |
| 500 | 0 | _aContiene referencias bibliográficas | |
| 650 | 4 | _aADOLESCENTES | |
| 650 | 4 | _aEDUCACION RELIGIOSA | |
| 650 | 4 | _aSEXUALIDAD | |
| 650 | 4 | _aRELACIONES ENTRE PARES | |
| 650 | 4 | _aMEDIOS DE COMUNICACION | |
| 650 | 4 | _aEDUCACION MORAL | |
| 650 | 4 | _aETICA | |
| 653 | 0 | _aEDUCACION EN VALORES | |
| 653 | 0 | _aAUTONOMIA | |
| 942 | _cBK | ||
| 998 | _cRAQUEL | ||
| 999 |
_c17230 _d17230 |
||